| 000 | 01064nam a22003257a 4500 | ||
|---|---|---|---|
| 001 | BR0002140 | ||
| 003 | BR-BrBNA | ||
| 005 | 20230928100636.0 | ||
| 007 | ta | ||
| 008 | 230509b bl.||||| |||| 00| 0 por d | ||
| 040 |
_aBR-BrBNA _bpor _cBiblioteca Nacional de Agricultura |
||
| 041 | _a(Por) | ||
| 072 |
_aL01; E70 _b5213 |
||
| 090 | _ 5213 BR0002140 | ||
| 110 | 1 |
_aInstituto Novas Fronteiras da Cooperacao, Brasilia, DF (Brasil) _96548 |
|
| 110 | 1 | _aAssociacao Goiana dos Produtores de Novilho Precoce, Goiania, GO (Brasil) | |
| 111 | 1 |
_a4. Encontro Nacional do Novilho Precoce _cGoiania, GO (Brazil) _d9-11 Sep 1999 |
|
| 245 | 1 | _aAnais do 4. Encontro Nacional de Novilho Precoce | |
| 260 | 3 |
_aBrasilia, DF (Brasil): _c2000. |
|
| 300 | _a196 p. | ||
| 500 | _a43 illus.; 36 tables; Several bibliography | ||
| 650 | _aNovilho Precoce | ||
| 650 | _aGado de Corte | ||
| 650 | _aProducao Animal | ||
| 650 | _aCarne | ||
| 650 | _aClassificacao de Produto | ||
| 650 | _aControle de Qualidade | ||
| 909 |
_a202309 _bLucia _c55 _dLucia Elande |
||
| 942 | _cBK | ||
| 999 |
_c62156 _d62156 |
||